Normal view MARC view

Entry Personal Name

Number of records used in: 1

001 - CONTROL NUMBER

  • control field: 169163

003 - CONTROL NUMBER IDENTIFIER

  • control field: OSt

005 - DATE AND TIME OF LATEST TRANSACTION

  • control field: 20220923230745.0

008 - FIXED-LENGTH DATA ELEMENTS

  • fixed length control field: 220923|| aca||aabn | a|a d

040 ## - CATALOGING SOURCE

  • Original cataloging agency: OSt
  • Transcribing agency: OSt

100 ## - HEADING--PERSONAL NAME

  • Personal name: ਆਇਰ, ਐਸ. ਣੇ.; ਅਮਰ ਸਿੰਘ, ੳਗ

670 ## - SOURCE DATA FOUND

  • Source citation: Work cat.: (OSt)387131: ਆਇਰ, ਐਸ. ਣੇ.; ਅਮਰ ਸਿੰਘ, ੳਗ., ਆਗ਼ਾਦ ਹਿੰਦ ਖ਼ੌਜ ਦੀ ਵਾਰਤਾ, 1975
Copyright @ Delhi University Library System